The influence of term-to-maturity on corporate bond yields and safety /

Bibliographic Details
Main Author: Johnson, Ramon E.
Format: Book
Language:English
Published: Madison : Bureau of Business Research and Service, University of Wisconsin, 1968.
Series:Monograph (University of Wisconsin--Madison. Bureau of Business Research and Service) ; no. 1.
Subjects:

MARC

Tag First Indicator Second Indicator Subfields
LEADER 00000cam a2200000 4500
001 in00000082854
005 20151008054240.0
008 690926s1968 wiua b 00010 eng
010 |a  77625451  
035 |a (OCoLC)00033188 
035 |9 AAJ0094AM 
040 |a DLC  |c DLC  |d m.c.  |d TXA  |d UtOrBLW 
049 |a TXAM  |c [1121930] 
050 0 0 |a HG4963  |b .J6 
082 0 |a 332.63/23 
100 1 |a Johnson, Ramon E. 
245 1 4 |a The influence of term-to-maturity on corporate bond yields and safety /  |c by Ramon E. Johnson. 
264 1 |a Madison :  |b Bureau of Business Research and Service, University of Wisconsin,  |c 1968. 
300 |a vii, 72 pages :  |b illustrations ;  |c 23 cm. 
336 |a text  |b txt  |2 rdacontent 
337 |a unmediated  |b n  |2 rdamedia 
338 |a volume  |b nc  |2 rdacarrier 
490 1 |a University of Wisconsin. Bureau of Business Research and Service. Monograph, no. 1 
504 |a Bibliographical footnotes. 
650 0 |a Bonds  |z United States. 
830 0 |a Monograph (University of Wisconsin--Madison. Bureau of Business Research and Service) ;  |v no. 1. 
999 |a MARS 
999 f f |s e18e3b45-a71f-3e6d-a035-ebbc618ddbbf  |i 824c44c6-b794-32c1-8b47-f7373ffcd0ca  |t 0 
952 f f |p ric  |a Texas A&M University  |b Rellis Campus  |c Joint Library Facility  |d Remote Storage  |t 0  |e HG4963 .J6  |h Library of Congress classification  |i unmediated -- volume  |m A14806137925 
998 f f |a HG4963 .J6  |t 0  |l Remote Storage